Nghệ thuật làm hoa giấy

Guardat en:
Dades bibliogràfiques
Autor principal: Phan, Ánh Tuyết
Format: Llibre
Idioma:Undetermined
Publicat: Thành phố Hồ Chí Minh Nhà xuất bản Thành phố Hồ Chí Minh 2003
Matèries:
Etiquetes: Afegir etiqueta
Sense etiquetes, Sigues el primer a etiquetar aquest registre!
Thư viện lưu trữ: Trung tâm Học liệu Trường Đại học Cần Thơ
LEADER 00590nam a2200193Ia 4500
001 CTU_118543
008 210402s9999 xx 000 0 und d
020 |c 14000 
082 |a 745.54 
082 |b T528 
100 |a Phan, Ánh Tuyết 
245 0 |a Nghệ thuật làm hoa giấy 
245 0 |c Phan Ánh Tuyết 
260 |a Thành phố Hồ Chí Minh 
260 |b Nhà xuất bản Thành phố Hồ Chí Minh 
260 |c 2003 
650 |a Handicraft,Paper, handmade 
904 |i Nguyên 
980 |a Trung tâm Học liệu Trường Đại học Cần Thơ